MARC

LEADER 00000nam0a2200000 4500
001 300493
005 20231102001316.0
020 |a RU  |b 82-83976 
035 |a (RuTPU)RU\TPU\book\325646 
090 |a 300493 
100 |a 20150710d1982 km y0rusy5003 ca 
101 0 |a rus 
102 |a RU 
105 |a y z 000zy 
200 1 |a Материалы Пленума Центрального Комитета КПСС, 22 ноября 1982 г. 
210 |a Москва  |c Политиздат  |d 1982 
215 |a 30 с. 
606 1 |a Пленумы ЦК КПСС  |2 stltpush  |3 (RuTPU)RU\TPU\subj\49241  |9 68042 
610 1 |a Коммунистическая партия Советского Союза 
610 1 |a экономическая политика 
610 1 |a экономическое развитие 
610 1 |a бюджет 
610 1 |a вешняя политика 
610 1 |a СССР 
610 1 |a 20 век 
686 |a Ф61(2)273  |2 rubbk 
801 0 |a RU  |b RuMRKP  |c 19950704  |g psbo 
801 1 |a RU  |b 63413507  |c 20150710 
801 2 |a RU  |b 63413507  |c 20190207  |g RCR 
942 |c BK